Países que começam com P - Statistics

Estatísticas Gerais
  • Esse quiz foi jogado 221 vezes
  • A pontuação média é 6 de 8
Estatísticas das Respostas
País % Correto
Polônia
92%
Paquistão
86%
Portugal
83%
Peru
78%
Palau
77%
Paraguai
76%
Panamá
72%
Papua Nova-Guiné
65%
Nenhum quiz correspondente encontrado
Distribuição das Pontuações
Porcentagem de Pessoas com Cada Pontuação
Percentil de Números Respondidos
Sua Pontuação Histórica
Você não jogou esse quiz